| 000 | 01602cam a2200349 a 4500 | ||
|---|---|---|---|
| 001 | 14741385 | ||
| 005 | 20080317131713.0 | ||
| 008 | 070221s2007 nyua b 001 0 eng | ||
| 010 | _a 2007007508 | ||
| 015 |
_aGBA723966 _2bnb |
||
| 016 | 7 |
_a013704150 _2Uk |
|
| 020 | _a0071489770 (alk. paper) | ||
| 020 | _a9780071489775 (alk. paper) | ||
| 035 | _a(OCoLC)ocm85162236 | ||
| 035 | _a(OCoLC)85162236 | ||
| 040 |
_aDLC _cDLC _dBAKER _dUKM _dBTCTA _dC#P _dYDXCP _dIXA _dDLC |
||
| 050 | 0 | 0 |
_aTK2931 _b.S65 2007 |
| 082 | 0 | 0 |
_a621.312429 _222 _bSPI |
| 100 | 1 |
_aSpiegel, Colleen S. _95512 |
|
| 245 | 1 | 0 |
_aDesigning and building fuel cells / _cColleen S. Spiegel |
| 246 | 1 | 4 | _aDesigning & building fuel cells |
| 260 |
_aNew York : _bMcGraw-Hill, _cc2007. |
||
| 300 |
_axiv, 434 p. : _bill. ; _c24 cm. |
||
| 504 | _aIncludes bibliographical references and index. | ||
| 650 | 0 |
_aFuel cells _xDesign and construction. _95513 |
|
| 856 | 4 | 1 |
_3Table of contents only _uhttp://www.loc.gov/catdir/toc/ecip0711/2007007508.html |
| 856 | 4 | 2 |
_3Publisher description _uhttp://www.loc.gov/catdir/enhancements/fy0712/2007007508-d.html |
| 856 | 4 | 2 |
_3Contributor biographical information _uhttp://www.loc.gov/catdir/enhancements/fy0712/2007007508-b.html |
| 942 |
_2ddc _cBB |
||
| 999 |
_c11666 _d11666 |
||